| 000 | 00920cam a22003014a 4500 | ||
|---|---|---|---|
| 001 | 14164244 | ||
| 003 | SISC | ||
| 005 | 20160308154833.0 | ||
| 008 | 051102s2007 nyua b 001 0 eng | ||
| 010 | _a 2005055533 | ||
| 020 | _a9780321015563 | ||
| 035 | _a(OCoLC)ocm62282455 | ||
| 035 | _a(OCoLC)62282455 | ||
| 040 |
_aDLC _cDLC _dYDX _dBAKER _dBTCTA _dYDXCP _dDLC |
||
| 042 | _apcc | ||
| 050 | 0 | 0 |
_aPN 1042 _b.K39 1998 |
| 082 | 0 | 0 |
_aHS 808.1 _bK39 1997 |
| 100 | _aKennedy, X.J. | ||
| 245 | 0 | 4 |
_aThe introduction to poetry / _cX.J. Kennedy, Dana Giola. |
| 250 | _a9th ed. | ||
| 260 |
_aNew York : _bW.W. Norton, _cc1998. |
||
| 300 |
_a650 p. : _bill. ; _c24 cm. |
||
| 650 | 0 |
_aPoetry _vCollections. |
|
| 906 |
_a7 _bcbc _corignew _d1 _eocip _f20 _gy-gencatlg |
||
| 942 |
_2lcc _cBK |
||
| 999 |
_c9845 _d9845 |
||